000 00832cam a2200217 4500
001 2614
005 20181127165355.0
008 990804s2000 mdu b 001 0 eng
010 _a 99042559
020 _a0801877482
043 _anccr---
_anwcu---
_as-cl---
100 1 _aMesa-Lago, Carmelo,
_d1934-
245 1 0 _aMarket, socialist, and mixed economies :
_bcomparative policy and performance : Chile, Cuba, and Costa Rica /
_cCarmelo Mesa-Lago ; with Alberto Arenas de Mesa ... [et al].
260 _aBaltimore :
_bJohns Hopkins University Press,
_c2000.
300 _axxiv, 707 p. ;
_c25 cm.
504 _aIncludes bibliographical references (p. 665-694) and index.
651 0 _aChile
_xEconomic policy.
651 0 _aCosta Rica
_xEconomic policy.
651 0 _aCuba
_xEconomic policy.
651 0 _aLatin America
_xEconomic policy.
999 _c2079
_d2079